00363pab a2200133 454500008004000000100001600040245008100056260000900137300001500146362001100161650000900172650001400181773003400195180718b2015 xxu||||| |||| 00| 0 eng d aDas, Kalyan aTo eat or not to eat beef: spectres of food on Bengal's politics of identity c2015 ap.105-114. a31 Oct aBeef aLivestock aEconomic and Political Weekly